000 00991nam a2200301Ia 4500
003 OSt
005 20221007121225.0
006 a|||||r|||| 00| 0
007 ta
008 221006b |||||||| |||| 00| 0 eng d
020 _a9780321818461 (pbk)
024 _a179398
037 _b361, 15/03/2012, N R Book Distributors
_cTextual
040 _aBDL
_cBDL
_beng
041 _2eng
_aeng
082 _aG:6, Q2 Carb
100 _aSanders Mark F
_9394364
245 0 _aGenetic analysis: An integrated approach
_b Bowman John L
260 _aBoston
_bBenjamin cummings
_c2012
300 _axxii; v.p.
_ccm.
500 _aInclude bibliographical references; Glossary G.1-G.17p.; Index I.1-I.19p.
650 _a Biology
650 _a Genetic analysis
_9462341
650 _aBotany
700 _a Bowman John L
_9394366
942 _hG:6, Q2 Carb
_cTEXL
_2CC
999 _c1208586
_d1208586